An introduction to mathematical cryptography /(E BOOK) (Record no. 196642)
[ view plain ]
| 000 -LEADER | |
|---|---|
| fixed length control field | 00902 a2200193 4500 |
| 003 - CONTROL NUMBER IDENTIFIER | |
| control field | Nust |
| 005 - DATE AND TIME OF LATEST TRANSACTION | |
| control field | 20170207154318.0 |
| 010 ## - LIBRARY OF CONGRESS CONTROL NUMBER | |
| LC control number | 2008930932 |
| 020 ## - INTERNATIONAL STANDARD BOOK NUMBER | |
| International Standard Book Number | 9780387779935 (hardcover : alk. paper) |
| 040 ## - CATALOGING SOURCE | |
| Transcribing agency | Nust |
| 082 ## - DEWEY DECIMAL CLASSIFICATION NUMBER | |
| Classification number | 005.82 |
| 100 1# - MAIN ENTRY--PERSONAL NAME | |
| Personal name | Hoffstein, Jeffrey. |
| 245 13 - TITLE STATEMENT | |
| Title | An introduction to mathematical cryptography /(E BOOK) |
| Statement of responsibility, etc. | Jeffrey Hoffstein, Jill Pipher, J.H. Silverman. |
| 250 ## - EDITION STATEMENT | |
| Edition statement | 1st ed. |
| 260 ## - PUBLICATION, DISTRIBUTION, ETC. | |
| Place of publication, distribution, etc. | New York : |
| Name of publisher, distributor, etc. | Springer, |
| Date of publication, distribution, etc. | 2008. |
| 300 ## - PHYSICAL DESCRIPTION | |
| Extent | p. cm. |
| 490 0# - SERIES STATEMENT | |
| Series statement | Undergraduate texts in mathematics ; |
| Volume/sequential designation | 666 |
| 505 ## - FORMATTED CONTENTS NOTE | |
| Formatted contents note | An Introduction to Cryptography (Page-1) Discrete Logarithms and Diffie–Hellman (Page- 59 )Integer Factorization and RSA (Page-113) Combinatorics, Probability, and Information Theory (Page-189) Elliptic Curves and Cryptography (Page-279) Lattices and Cryptography (Page-349 )Digital Signatures (page-437) Additional Topics in Cryptography (Page-465 ) |
| 942 ## - ADDED ENTRY ELEMENTS (KOHA) | |
| Source of classification or shelving scheme | |
| Koha item type | Book |
| Withdrawn status | Lost status | Source of classification or shelving scheme | Damaged status | Not for loan | Collection code | Permanent Location | Current Location | Date acquired | Total Checkouts | Full call number | Barcode | Date last seen | Price effective from | Koha item type |
|---|---|---|---|---|---|---|---|---|---|---|---|---|---|---|
| Military College of Signals (MCS) | Military College of Signals (MCS) | 12/12/2016 | 005.82 HOF | MCSEB-3002 | 12/08/2016 | 12/12/2016 | Book |
